000 00611nam a22001937a 4500
001 BD-DhSAU 9911
003 BD-DhSAU
005 20150625122021.0
008 150625b1981 bg ||||r|||| 000 0 ben d
040 _aBD-DhSAU
082 _222
_a---
_bভট্টামে
100 _aভট্টাচার্য, নিমাই
245 _aমেমসাহেব /
_cনিমাই ভট্টাচার্য
260 _aঢাকা :
_bঅনুপম,
_c১৯৮১.
300 _a১৫৮ প. :
_c২১ সেমি
590 _ajoy
650 _aউপন্যাস
942 _2ddc
_cBOOK
999 _c9911
_d9910